The logic of survey analysis

I tiakina i:
Ngā taipitopito rārangi puna kōrero
Kaituhi matua: Rosenberg, Morris (Author)
Hōputu: Pukapuka
Reo:Ingarihi
I whakaputaina: Nueva York Basic Books 1968
Ngā marau:
Ngā Tūtohu: Tāpirihia he Tūtohu
Kāore He Tūtohu, Me noho koe te mea tuatahi ki te tūtohu i tēnei pūkete!

MARC

LEADER 00000nam a2200000 a 4500
001 UCH1318
003 CL-VaPUC
008 090420e19680000US |||||||||||||||||eng|d
082 0 4 |a 300.072  |b ROS  |2 21 
100 0 |a Rosenberg, Morris  |e author  |9 535742 
245 1 4 |a The logic of survey analysis 
300 |a 283 p 
942 |c BK 
945 |d 20090420 00:00:00  |a dcastane 
260 |a Nueva York  |b Basic Books  |c 1968 
650 0 |a Análisis de encuestas  |9 338797 
650 7 |a ENCUESTAS SOCIALES  |2 CL-VaPUC  |9 271428 
583 |a last modification  |c 20090420 00:00:00  |k Rodrigo Vera 
999 |c 333369  |d 333367 
952 |0 0  |1 0  |4 0  |6 300_072000000000000_ROS_1968  |7 0  |8 P  |9 421719  |a BIBGIM  |b BIBGIM  |d 2019-11-22  |i 4518861  |o 300.072 ROS 1968  |p 4518861  |r 2025-01-15  |w 2019-11-22  |y BK  |k SSL